|
|
|
|
| LEADER |
00000cam a2200000 a 4500 |
| 001 |
vtls011469851 |
| 003 |
SK-MaSNL |
| 005 |
20260301220030.0 |
| 008 |
160201q1929 xr gr 010 0 ger |
| 015 |
|
|
|a SNBA1929
|
| 020 |
|
|
|q (viaz.)
|
| 040 |
|
|
|a SNK
|b slo
|c SNK
|e AACR2
|
| 041 |
0 |
|
|a ger
|a dut
|
| 044 |
|
|
|a xr
|c CZ
|
| 072 |
|
7 |
|a 81
|x Lingvistika. Jazyky
|2 konspekt
|
| 072 |
|
7 |
|a 811.162.4
|x Slovenčina
|2 konspekt
|
| 080 |
|
|
|a 81'1
|2 2001
|
| 080 |
|
|
|a 811.162.4
|2 2001
|
| 100 |
1 |
|
|a Boutelje, Abraham Elias,
|d 1894-1943
|4 aut
|9 606625
|
| 245 |
1 |
0 |
|a Zwei Gemermundarten
|c A. E. Boutelje
|
| 260 |
|
|
|a Praha
|a Amsterdam
|b Dr. Ed. Gregr a syn
|b N. V. Uitgevers Mij Voorheen van Creveld & Co.
|c [1929]
|
| 300 |
|
|
|a 122 s.
|c 23 cm
|
| 504 |
|
|
|a Bibliograf.
|
| 650 |
0 |
7 |
|a slovenské nárečia
|2 SNKPH
|9 516365
|
| 650 |
0 |
7 |
|a gemerské nárečia
|2 SNKPH
|9 606626
|
| 650 |
0 |
7 |
|a lingvistika
|2 SNKPH
|9 860
|
| 650 |
0 |
7 |
|a slovenčina
|2 SNKPH
|9 1350
|
| 650 |
0 |
7 |
|a dialekty
|2 SNKPH
|9 19030
|
| 655 |
|
7 |
|a monografie
|2 SNKPH
|9 70139
|
| 954 |
|
|
|a odborná, vedecká literatúra cudzojazyčná (svetová)
|2 lita
|
| 958 |
|
|
|a DE
|
| 958 |
|
|
|a CZ
|
| 958 |
|
|
|a NB
|
| 958 |
|
|
|a ONDV
|
| 999 |
|
|
|c 930385
|d 932315
|
| 952 |
|
|
|a SNK
|b SNK
|y PREZ
|7 0
|p 17A0715147
|o snkSC 729
|i snk1942/29
|0 0
|1 0
|4 0
|d 2024-02-26
|f 1
|l 0
|r 2025-06-04 00:00:00
|w 2026-02-24
|